000
00295nam a2200085Ia 4500
245
0
_a
The king's eye and John Vorster's elbow : reporting the Mandela years
100
_a
Hawthorne, Peter Wandsbeck, South Africa, [c.2008]
_9
82507
942
_c
BK
008
210817s9999 xx 000 0 und d
999
_c
298333
_d
298333